हुद्देदार / (Record no. 11467)

MARC details
000 -LEADER
fixed length control field 01123 a2200241 4500
005 - DATE AND TIME OF LATEST TRANSACTION
control field 2008082507187.0
008 - FIXED-LENGTH DATA ELEMENTS--GENERAL INFORMATION
fixed length control field 080825t xxu||||| |||| 00| 0 hin d
010 ## - LIBRARY OF CONGRESS CONTROL NUMBER
LC control number HIN-82993
020 ## - INTERNATIONAL STANDARD BOOK NUMBER
Terms of availability 150.00
035 ## - SYSTEM CONTROL NUMBER
System control number HN-55339
037 ## - SOURCE OF ACQUISITION
Source of stock number/acquisition पु.प्र.अ.प्र/प्रका
082 ## - DEWEY DECIMAL CLASSIFICATION NUMBER
Classification number
100 ## - MAIN ENTRY--PERSONAL NAME
Personal name दीक्षित, दामोदर दत्त
245 ## - TITLE STATEMENT
Title हुद्देदार /
Statement of responsibility, etc दामोदर दत्त दीक्षित
246 ## - VARYING FORM OF TITLE
Title proper/short title Haddedar
Remainder of title by Damodar Dutt Dikshit
260 ## - PUBLICATION, DISTRIBUTION, ETC. (IMPRINT)
Place of publication, distribution, etc इलाहाबाद
Name of publisher, distributor, etc रामेश्वर प्रकाशन
Date of publication, distribution, etc 2006
270 ## - ADDRESS
Address 49-बी/37, न्याय मार्ग
City इलाहाबाद
300 ## - PHYSICAL DESCRIPTION
Extent 115पृ
Dimensions 22सेमी (सजिल्द)
650 ## - SUBJECT ADDED ENTRY--TOPICAL TERM
Topical term or geographic name as entry element हिन्दी कहानियाँ
650 ## - SUBJECT ADDED ENTRY--TOPICAL TERM
Topical term or geographic name as entry element Hindi Stories
942 ## - ADDED ENTRY ELEMENTS (KOHA)
Institution code [OBSOLETE] dpl
Koha item type Hindi Books
Call number prefix क / दीक्षित
Source of classification or shelving scheme Dewey Decimal Classification
Classification part
Call number suffix दीक्षित
Holdings
Withdrawn status Lost status Damaged status Not for loan Home library Current library Date acquired Cost, normal purchase price Total Checkouts Full call number Barcode Date last seen Copy number Uniform Resource Identifier Cost, replacement price Price effective from Koha item type
        D.B.Act.Division D.B.Act.Division   150.00   क दीक्षित HN-55339 15/09/2008 1 12579 150.00 15/09/2008 Hindi Books

© Delhi Public Library
Hit Counter
free hit counter